02167agaaa2200349 45000010005000000030009000050050017000140070009000310080040000400400023000800410013001031000055001161300039001712400030002102450194002402460023004342500022004572600125004793000034006045080115006385110093007535200362008465380009012085460013012176500080012307000067013107000069013777000061014469420012015079990019015199520279015380860IT-RoPAU20220918181253.0d cvaizq50131s9999||||xx ||| | || ||und|| aIT-RoPAUcIT-RoPAU aITALIANO aArmstrong GillgCodice regista SPICS: 38697950134 aMIA BRILLANTE CARRIERA (LA)950135 aMY BRILLANT CARRERgT2585 aMIA BRILLANTE CARRIERA (LA)cProdotto da: Fink Margarethe -- Sceneggiatura: Witcombe Leanor -- Diretto da: Armstrong GillpMIA BRILLANTE CARRIERA (LA) (Rif. Codice opera principale : V0860) aMY BRILLANT CARRER aEdizione Standard a(AUSTRALIA)bNEW SOUTH WALES F.C. - GUO D. / Distribuzione: SPF FIRENZEg"1978 (1° ed.: 1993 ; Ed. Lingua Orig.: 1978)" a16MMbsonoro, col.c97 minuti a"Fotografia: Mc Alpine Don; Montaggio: Beuman Nicholas; Musica: Waks Nathan; Sceneggiatura: Witcombe Leanor; " a"Davis Judy; Neill Sam; Hughs Wendy; Grubb Robert; Cullen Max; Britton Aileen; Whitford" aAGLI INIZI DEL XX SECOLO UNA RAGAZZA DI UMILE FAMIGLIA SCANDALIZZA TUTTI PERCHE' VUOLE SFONDARE IN CAMPO LETTERARIO. A TAL FINE RINUNCIA A UN BUON MATRIMONIO E SI ADATTA A FAR DA MAESTRA A DEI ROZZI RAGAZZI DI CAMPAGNA TANTACOSTANZA VERRA' PREMIATA PERCHE' IL SUO PRIMO LIBRO VERRA' PUBBLICATO DA UN EDITORE INGLESE. FILM A COLORI. PELLICOLA IN BUONO STATO. aMONO aITALIANO aAUTOBIOGRAFICOePELLICOLE CINEMA [16 MM]xCodice MATERIA SPICS: 9955950136 aArmstrong Gill e(regista)gCodice regista SPICS: 38697950137 aFranklin Miles e(soggetto)gCodice Soggetto SPICS: 38698950138 aWaks Nathane(musica)gCodice Musica SPICS: 38699950139 cMM2ddc c107048d107048 0010406V_0860_00000000000000071aSPICSbSPICSd2015-01-31l0oV0860r2015-01-31 00:00:00w2015-01-31yMMzProgr. Ins.: 1083 / N.Vol.:2 / Copie: 1 / Pag.:0 / Copia rara: n.d. / date import: 1.2.2015 / By Epidotti, Trombetti, Vaglietti - CUSTODITA PRESSO FILMOTECA VATICANA